| 000 | 01940cam a22001934a 4500 | ||
|---|---|---|---|
| 005 | 20250605163944.0 | ||
| 008 | 250528s ||||||||||||||||||||||||d | ||
| 035 | _a15132 | ||
| 040 |
_aGR-AtMCL _bgre _dGR-AtMCL _eAACR2 |
||
| 245 | 1 | _aΟργανωσιακές Περιπτώσεις / Μικρομεσαίων και Μεγάλων Επιχειρήσεων | |
| 260 |
_bΕυγ. Μπένου, _c1993 |
||
| 300 | _a184 | ||
| 505 | 0 | _aΠρόλογος, Εισαγωγή, Μέθοδοι Επίλυσης των Περιπτώσεων, Η Ηγεσία κατά του Τολστόϊ, Περιβάλλον και Επικοινωνία, Δομή και Παραγωγικότητα, Παραγωγικότητα και Πληθωρισμός, Προβληματικές Επιχειρήσεις, Πρόβλημα Παραγωγικότητας, Ομάδα και Επικονωνία, Οικογενειακό Κατάστημα, Το Μεγάλο Κατόρθωμα, Η Απόλυση του Γρηγορίου, Οι Προβληματικές Επιχειρήσεις, Γενική και Ειδική Βιβλιογραφία. | |
| 520 | _aΠρόλογος, Εισαγωγή, Μέθοδοι Επίλυσης των Περιπτώσεων, Η Ηγεσία κατά του Τολστόϊ, Περιβάλλον και Επικοινωνία, Δομή και Παραγωγικότητα, Παραγωγικότητα και Πληθωρισμός, Προβληματικές Επιχειρήσεις, Πρόβλημα Παραγωγικότητας, Ομάδα και Επικονωνία, Οικογενειακό Κατάστημα, Το Μεγάλο Κατόρθωμα, Η Απόλυση του Γρηγορίου, Οι Προβληματικές Επιχειρήσεις, Γενική και Ειδική Βιβλιογραφία. | ||
| 700 | 1 |
_aΞουρής Δημήτριος _9982 |
|
| 942 | _cBK | ||
| 999 |
_c726 _d726 |
||